| 000 | 00484pam a2200157a 44500 | ||
|---|---|---|---|
| 008 | 230515b1998 xxu||||| |||| 00| 0 eng d | ||
| 020 | _a81-7022-726-7 | ||
| 041 | _aENGL | ||
| 082 | _a306.4 PAT. | ||
| 100 | _a"PATHAK B.," | ||
| 245 | _aCONTINWITY AND CHANGE IN INDIAN SOCIETY | ||
| 250 | _a0 | ||
| 260 |
_aNEW DELHI _bCONCEPT PUBLISHING COMPANY _c1998 |
||
| 300 | _aNULL | ||
| 650 | _a"SOCIOLOGY,SOCIAL CULTURE,INDIAN SOCIETY AND CRISIS,SOCIAL DEVELOPMENT,CULTURE AND DEVELOPMENT" | ||
| 999 |
_c537386 _d537386 |
||